Sociology. -- 5th ed. (Record no. 76607)

MARC details
000 -LEADER
fixed length control field 00960nam a2200205 a 4500
008 - FIXED-LENGTH DATA ELEMENTS--GENERAL INFORMATION
fixed length control field 060316s2000 ||||||||||||||||| || u
020 ## - INTERNATIONAL STANDARD BOOK NUMBER
International Standard Book Number 074563379X
050 ## - LIBRARY OF CONGRESS CALL NUMBER
Classification number HM 51 Gid
100 ## - MAIN ENTRY--PERSONAL NAME
Personal name Giddens, Anthony
245 10 - TITLE STATEMENT
Title Sociology. -- 5th ed.
Statement of responsibility, etc. by Anthony Giddens
250 ## - EDITION STATEMENT
Edition statement 5th ed.
260 ## - PUBLICATION, DISTRIBUTION, ETC.
Place of publication, distribution, etc. New York
Name of publisher, distributor, etc. Wiley India Pvt Ltd
Date of publication, distribution, etc. 2000
300 ## - PHYSICAL DESCRIPTION
Extent xxiv, 1094p.: ill.
350 ## -
-- 0.00
500 ## - GENERAL NOTE
General note Donated by Counsellor Kang'ombe
650 #0 - SUBJECT ADDED ENTRY--TOPICAL TERM
Topical term or geographic name entry element SOCIOLOGY
995 ## -
-- MAIN LIBRARY OPEN ACCESS
-- 0.00
-- 739922
-- CBU-MAIN LIBRARY (Kitwe)
-- 1
-- 0.00
-- HM 51 Gid
-- 1
-- AVAILABLE
-- May 14, 2009
-- 739922
-- Main Library Open Access Collection
995 ## -
-- MAIN LIBRARY OPEN ACCESS
-- 743313
-- CBU-MAIN LIBRARY (Kitwe)
-- 0.00
-- HM 51 Gid
-- 2
-- AVAILABLE
-- Oct 2, 2012
-- 743313
-- Main Library Open Access Collection
995 ## -
-- MAIN LIBRARY OPEN ACCESS
-- 743314
-- CBU-MAIN LIBRARY (Kitwe)
-- 0.00
-- HM 51 Gid
-- 3
-- AVAILABLE
-- Oct 2, 2012
-- 743314
-- Main Library Open Access Collection
999 ## -
-- 76607
-- 76607
Holdings
Withdrawn status Lost status Source of classification or shelving scheme Damaged status Not for loan Permanent Location Current Location Shelving location Date acquired Total Checkouts Full call number Barcode Date last seen Copy number Price effective from Koha item type
          CBU-MAIN LIBRARY, KITWE. CBU-MAIN LIBRARY, KITWE.   04/25/2023   HM 51 Gid 739922 04/25/2023 1 04/25/2023 MONOGRAPH
          CBU-MAIN LIBRARY, KITWE. CBU-MAIN LIBRARY, KITWE.   04/25/2023   HM 51 Gid 743313 04/25/2023 2 04/25/2023 MONOGRAPH
          CBU-MAIN LIBRARY, KITWE. CBU-MAIN LIBRARY, KITWE.   04/25/2023   HM 51 Gid 743314 04/25/2023 3 04/25/2023 MONOGRAPH